Szczegóły MARC21

Wstęp do algebry. 1, Podstawy algebry /

003 -Nazwa inst., której nr kontr. jest w polu 001 [,]
    • @
    • Nazwa instytucji, której n kontrolny jest w polu 001
    • NUKAT
005 -DATA I CZAS OSTATNIEJ MODYFIKACJI [,]
    • @
    • pole kontrolne
    • 20241231093521.0
020 -Międzynarod. znormalizowany nr książki - ISBN [ , ]
    • a
    • Numer ISBN
    • 8301142529 Find
    • q
    • Dopowiedzenie
    • cz. 1
020 -Międzynarod. znormalizowany nr książki - ISBN [ , ]
    • a
    • Numer ISBN
    • 8301142510 Find
    • q
    • Dopowiedzenie
    • cz. 1-3
040 -Instytucja sporządzająca opis [ , ]
    • a
    • Instytucja, która sporządziła opis (NP)
    • Ł 30/BPa
    • c
    • Instytucja, która sporządziła rekord (NP)
    • Ł 30/BPa
    • d
    • Instytucja, która zmodyfikowała rekord (P)
    • Ł 30/ML
    • d
    • Instytucja, która zmodyfikowała rekord (P)
    • WR U/dl
041 -Język dokumentu [1, ]
    • a
    • Język tekstu (P)
    • polski
    • h
    • Język tekstu oryginalnego i/lub pośredniego (P)
    • rosyjski
942 -Rodzaj dokumentu [ , ]
    • c
    • Rodzaj dokumentu
    • Książka
100 -Hasło główne - nazwa osobowa [1, ]
    • a
    • Nazwa osobowa (NP)
    • Kostrikin, Aleksej Ivanovič
    • d
    • Daty biograficzne (NP)
    • (1929-2000).
    • 9
    • KHW
    • 420812
240 -Tytuł ujednolicony [1,0]
    • a
    • Tytuł ujednolicony
    • Vvedenie v algebru
    • l
    • Język tekstu
    • (pol.)
    • 9
    • KHW
    • 618084
245 -Strefa tytułu i oznaczenia odpowiedzialności [1,0]
    • a
    • Tytuł
    • Wstęp do algebry. Find
    • n
    • Oznaczenie części (P)
    • 1,
    • p
    • Nazwa części (P)
    • Podstawy algebry /
    • c
    • Pozostałe elementy strefy tytułu i oznaczenia odpowiedzialności (NP)
    • Aleksiej I. Kostrikin ; z ros. przeł. Jerzy Trzeciak.
246 -Wariant tytułu [3,0]
    • a
    • Tytuł (NP)
    • Podstawy algebry
260 -Strefa adresu wydawniczego [ , ]
    • a
    • Miejsce wydania (P)
    • Warszawa :
    • b
    • Nazwa wydawcy (P)
    • Wydawnictwo Naukowe PWN,
    • c
    • Data wydania (P)
    • 2004.
300 -Strefa opisu fizycznego [ , ]
    • a
    • Określenie formy książki i/lub objętość (NP)
    • XIII, 263 s. ;
    • c
    • Format (NP)
    • 24 cm.
336 -Typ zawartości [ , ]
    • a
    • Termin opisujący typ zawartości
    • Tekst
    • b
    • Kod określający zawartość
    • txt
    • 2
    • Źródło (terminu i kodu)
    • rdacontent
337 -Typ mediów [ , ]
    • a
    • Tryb odtwarzania
    • Bez urządzenia pośredniczącego
    • b
    • Kod typu mediów
    • n
    • 2
    • Źródło (terminu i kodu)
    • rdamedia
338 -Typ/rodzaj nośnika [ , ]
    • a
    • Hasło opisujące typ nośnika
    • Wolumin
    • b
    • Kod typu nośnika
    • nc
    • 2
    • Źródło (terminu i kodu)
    • rdacarrier
504 -Uwaga dot. bibliogr. załącznikowej [ , ]
    • a
    • Uwaga dot. bibliografii załącznikowej
    • Bibliogr. s. XIII.
521 -Uwaga dot. przeznaczenia czytelniczego [8, ]
    • a
    • Uwaga dot. przeznaczenia czytelniczego
    • Dla studentów matematyki, informatyki, fizyki i innych kierunków ścisłych na uniwersytetach i uczelniach technicznych.
080 -Uniwersalna Klasyfikacja Dziesiętna [ , ]
    • a
    • Symbol klasyfikacji
    • 512(075.8)
650 -Hasło przedmiotowe [ ,7]
    • a
    • Hasło przedmiotowe
    • Algebra
    • v
    • Określnik formalny
    • podręczniki akademickie.
    • 2
    • Źródło terminu
    • kaba
    • 9
    • KHW
    • 362750
980 -Symbol UKD [ , ]
    • a
    • UKD
    • 512(075.8)
700 -Hasło dodatkowe - nazwa osobowa [1, ]
    • a
    • Nazwa osobowa (NP)
    • Trzeciak, Jerzy. Find
    • e
    • Określenie rodzaju współpracy
    • Tł.
    • 9
    • KHW
    • 552156
710 -Hasło dodatkowe - nazwa ciała zbiorowego [2, ]
    • a
    • Nazwa ciała zbiorowego lub nazwa geograficzna jako pierwszy element (NP)
    • Wydawnictwo Naukowe PWN.
    • 4
    • Kod relacji
    • pbl
    • 9
    • KHW
    • 52648
920 -ISBN [ , ]
    • a
    • ISBN
    • 83-01-14252-9 Find
    • q
    • Dopowiedzenie
    • cz. 1
920 -ISBN [ , ]
    • a
    • ISBN
    • 83-01-14251-0 Find
    • q
    • Dopowiedzenie
    • cz. 1-3
Status udost. Numer inwentarzowy Sygnatura Lokalizacja Data inwentaryzacji
1N.18636 BG2004-12-02
-9WM.3144WM.3144BG2004-12-10
-9WM.4642WM.3144BG2005-12-07
-9WM.4643WM.3144BG2005-12-07
2WM.4644WM.3144BG2005-12-07
2WM.4645WM.3144BG2005-12-07
2WM.4646WM.3144BG2005-12-07